000 00820nam a2200205Ia 4500
003 OSt
005 20200806173447.0
008 191128s1963 ar gr 000 0 spa d
040 _aCO-JMCR
_cCO-JMCR
041 0 _aspa
082 0 4 _a364.36 /
_bP327d
_223
100 1 _aDe Pierris, Carlos Alberto,
_eautor
_98508
245 1 0 _aDelincuencia juvenil /
_cCarlos Alberto De Pierris
260 _aBuenos Aires :
_bEditorial Bibliográfica Omeba,
_c1963.
300 _a164 páginas ;
_c24 cm.
505 0 _aMedida del problaema -- Analisis general de la edad evolutiva -- Geografía de la delicncuencia juvenil -- Psicopatología del grupo predelincunete -- Inteligencia. Personalidad y delincuencia. Factores constitucionales
650 2 4 _aDelincuencia juvenil
_98500
650 2 4 _aConducta humana
_98503
942 _2ddc
_cBK
999 _c4731
_d4731